OBSTETRIC AND MIDWIFERY (Record no. 16509)
[ view plain ]
| 000 -LEADER | |
|---|---|
| fixed length control field | 00287nam a22001337a 4500 |
| 003 - CONTROL NUMBER IDENTIFIER | |
| control field | SGT |
| 082 ## - DEWEY DECIMAL CLASSIFICATION NUMBER | |
| Classification number | 610.7367 |
| Item number | O13S |
| 100 ## - MAIN ENTRY--PERSONAL NAME | |
| Personal name | SANDHU, G.K. |
| 245 ## - TITLE STATEMENT | |
| Title | OBSTETRIC AND MIDWIFERY |
| 260 ## - PUBLICATION, DISTRIBUTION, ETC. (IMPRINT) | |
| Place of publication, distribution, etc | INDIA |
| Name of publisher, distributor, etc | LOTUS |
| Year of Publication | 2013 |
| 300 ## - PAGE DESCRIPTION | |
| No. of Pages | 632 |
| 650 ## - SUBJECT ADDED ENTRY--TOPICAL TERM | |
| Topical term or geographic name as entry element | OBST. & GYNE |
| 942 ## - ADDED ENTRY ELEMENTS (KOHA) | |
| Source of classification or shelving scheme | Dewey Decimal Classification |
| Koha item type | Books |
| 942 ## - ADDED ENTRY ELEMENTS (KOHA) | |
| -- | 60 |
| Withdrawn status | Lost status | Source of classification or shelving scheme | Damaged status | Not for loan | Collection code | Home library | Current library | Shelving location | Date acquired | Vendor Name | Cost, normal purchase price | SGTU | Bill Number | Total Checkouts | Full call number | Accession No. (Barcode) | Date last seen | Date last borrowed | Bill Date | Koha item type | Total Renewals |
|---|---|---|---|---|---|---|---|---|---|---|---|---|---|---|---|---|---|---|---|---|---|
| Dewey Decimal Classification | NURSING | SGT Medical Library | SGT Medical Library | Text Book | 16/01/2019 | ABC | 500.00 | SGTU | 10396 | 12 | 610.7367 O13S | FN3907 | 21/04/2025 | 08/04/2025 | 08/12/2018 | Books | |||||
| Dewey Decimal Classification | NURSING | SGT Medical Library | SGT Medical Library | Text Book | 16/01/2019 | ABC | 500.00 | SGTU | 10396 | 24 | 610.7367 O13S | FN3908 | 15/04/2026 | 27/03/2026 | 08/12/2018 | Books | |||||
| Dewey Decimal Classification | NURSING | SGT Medical Library | SGT Medical Library | Text Book | 16/01/2019 | ABC | 500.00 | SGTU | 10396 | 17 | 610.7367 O13S | FN3909 | 19/05/2026 | 19/05/2026 | 08/12/2018 | Books | 1 | ||||
| Dewey Decimal Classification | NURSING | SGT Medical Library | SGT Medical Library | Text Book | 16/01/2019 | ABC | 500.00 | SGTU | 10396 | 22 | 610.7367 O13S | FN3910 | 21/04/2026 | 04/04/2026 | 08/12/2018 | Books | 1 |